00000000nam##2200000za#4500
0019.615794
003CaOODSP
00520200706133956
007ta
008150406|2001||||xxc|||||     f|0| 0 eng|d
020 |a0-660-18632-2
022 |a1200-5223
040 |aCaOODSP|beng
043 |an-cn---
0861 |aCS11-0019/171E
24500|aAre the kids all right?: intergenerational mobility and child well-being in Canada / |cby Miles Corak.
260 |aOttawa - Ontario : |bStatistics Canada. |c2001.
300 |a22p. : |bfigs., references, tables ; |c28 cm.
4901 |aResearch paper series|x1200-5223|vNo. 171
500 |a"A framework for thinking about intergenerational mobility as it relates to the relationship between parent and child incomes as well as evidence on the degree and sources of intergenerational mobility in Canada is reviewed."--Abstract.
5203 |aA framework for thinking about intergenerational mobility as it relates to the relationship between parent and child incomes as well as evidence on the degree and sources of intergenerational mobility in Canada is reviewed.--Abstract
563 |aSoftcover
590 |a01-45|b2001-11-09
69007|aChild poverty|2gcpds
7102 |aStatistics Canada. |bAnalytical Studies Branch.
7201 |aCorak, Miles
7760#|tAre the kids all right? : |w(CaOODSP)9.557965
830#0|aResearch paper series,|x1200-5223|vNo. 171|w(CaOODSP)9.514463